00329nam a2200133Ia 4500008004100000041000800041082001200049100001100061245006000072260002600132300000800158500001700166650001200183220803s9999 xx 000 0 und d aeng a728 KEN aKeni M aStudy Of The House Form Of The Temple Town Of Nathdwara aAhmedabadbCEPTc1994 a98p aArchitecture aHousing